Music Quiz

Random Music or Song Quiz

Everything Is Broken Quiz Stats

 Plays Quiz Updated Apr 3, 2020

     
Support Sporcle.
Go Orange.
Score 0/30 Timer 07:00
0 Plays Today
Item % Correct
hearts
62.1%
beds
45%
bones
44.7%
heads
42.6%
strings
41%
lines
38.8%
bottles
38.4%
dishes
36.6%
words
36.5%
phones
34%
plates
34%
rules
31.6%
laws
30.8%
hands
30.6%
voices
30.2%
Item % Correct
vows
30.2%
gates
29.3%
idols
29.3%
springs
29.1%
bodies
28.4%
threads
26.2%
parts
26.1%
tools
25.7%
switches
25.4%
saws
25.3%
treaties
25%
pipes
24.9%
buckles
22.9%
ploughs
20.4%
cutters
19.7%

From the Vault

Saturday Sudoku LXXIV

by noahthis

Sudoku online is better than in the newspaper, because it's harder to spill your coffee on the puzzle.
Remove Ads.
Support Sporcle.
Get the best of Sporcle when you Go Orange. This ad-free experience offers more features, more stats, and more fun while also helping to support Sporcle. Thank you for becoming a member.

Show Comments

Extras

Top Quizzes Today


Score Distribution

Your Account Isn't Verified!

In order to create a playlist on Sporcle, you need to verify the email address you used during registration. Go to your Sporcle Settings to finish the process.

Report this User

Report this user for behavior that violates our Community Guidelines.

Details: